Które miasto na Bliskim Wschodzie? - Statystyki

Ogólne statystyki
  • Ten quiz został rozwiązany 108 razy
  • Średni wynik to 13 z 20
Statystyki odpowiedzi
Opis Miasto % Poprawnych
Najświętsze miasto judaizmu J Jerozolima
98%
Dawniej znany jako Konstantynopol S Stambuł
97%
Stolica Turcji A Ankara
96%
Miasto, w którym znajduje się najwyższy budynek na świecie D Dubaj
96%
Gdzie urodził się Mahomet M Mekka
93%
Stolica Arabii Saudyjskiej R Rijad
91%
Nazwany na cześć Aleksandra Wielkiego A Aleksandria
90%
Gdzie zmarł Mahomet M Medyna
86%
Miasto, którego „Zielona Strefa” została utworzona w 2003 roku B Bagdad
76%
Najludniejsze miasto w Izraelu T Tel Awiw-Jafa
75%
Wiele meczów Mistrzostw Świata 2022 odbyło się tutaj D Doha
70%
Stolica kalifatu Umajjadów D Damaszek
68%
Stolica Zatoki Perskiej K Kuwejt
59%
„Paryż Bliskiego Wschodu” – kiedyś B Bejrut
57%
Egipskie miasto, kiedyś znane jako Teby L Luksor
45%
Starożytna stolica Egiptu, nazwa miasta w Tennessee M Memphis
41%
Jemen, miasto portowe położone nad zatoką o tej samej nazwie A Aden
33%
Miasto nad Morzem Czerwonym, w którym planowano jeszcze wyższy budynek D Dżudda
26%
Faktyczna stolica Palestyny R Ramallah
22%
Iracki port często odwiedzany przez Sindbada B Basra
21%
Nie znaleziono quizów pasujących do podanych kryteriów
Rozkład punktacji
Procent ludzi z każdym wynikiem
Percentyl według liczby udzielonych odpowiedzi
Twoja historia wyników
Nie rozwiązałeś tego quizu